000
00252nam a2200109Ia 4500
005
20251222144750.0
008
251222s9999||||xx |||||||||||||| ||spa||
082
_a
910.9/K56
245
0
_a
PaĆses del Mundo
264
_b
Kindersley Dorling
942
_c
LIB
999
_c
19318
_d
19318